Никто не забыт, ничто не забыто! Вторая мировая война и её отражение в музыке (Запись № 13728252)

Подробности
000 -МАРКЕР
контрольное поле 02687nam0a2200361 4500
001 - ИДЕНТИФИКАТОР ЗАПИСИ
контрольное поле RU\NLR\BIBL_A\022760010
005 - ИДЕНТИФИКАТОР ВЕРСИИ
контрольное поле 20260608014430.0
010 ## - МЕЖДУНАРОДНЫЙ СТАНДАРТНЫЙ НОМЕР КНИГИ (ISBN)
Номер (ISBN) 978-5-93716-253-3
Тираж 100
021 ## - НОМЕР ГОСУДАРСТВЕННОЙ РЕГИСТРАЦИИ
Код страны Российская Федерация
Номер КН-П-26-005987
Номер Листа государственной регистраци КН-П-26-0584
035 ## - ДРУГИЕ СИСТЕМНЫЕ НОМЕРА
Идентификатор записи (NLR Aleph) 022760010
100 ## - ДАННЫЕ ОБЩЕЙ ОБРАБОТКИ
Данные общей обработки 20260319d2025 k y0rusy50 ca
101 0# - ЯЗЫК РЕСУРСА
Язык текста, звукозаписи и т.д. русский
-- английский
102 ## - СТРАНА ПУБЛИКАЦИИ ИЛИ ПРОИЗВОДСТВА
Страна публикации Российская Федерация
105 ## - ПОЛЕ КОДИРОВАННЫХ ДАННЫХ: ТЕКСТОВЫЕ МАТЕРИАЛЫ, МОНОГРАФИЧЕСКИЕ
Кодированные данные о монографическом текстовом документе ach z 110yy
181 #0 - ПОЛЕ КОДИРОВАННЫХ ДАННЫХ: ВИД СОДЕРЖАНИЯ
Код вида содержания (ISBD) i3
Код характеристики содержания (ISBD) axxe
182 #0 - ПОЛЕ КОДИРОВАННЫХ ДАННЫХ: ТИП СРЕДСТВА
Код типа средства (ISBD) n - непосредственное
200 1# - ЗАГЛАВИЕ И СВЕДЕНИЯ ОБ ОТВЕТСТВЕННОСТИ
Основное заглавие Никто не забыт, ничто не забыто! Вторая мировая война и её отражение в музыке
Сведения, относящиеся к заглавию к 80-летию со Дня Победы
-- материалы международной научно-практической очно-заочной конференции, 7 мая 2025 года
Первые сведения об ответственности Министерство культуры Российской Федерации, Министерство культуры Республики Башкортостан, Уфимский государственный институт искусств имени Загира Исмагилова
Последующие сведения об ответственности редакторы-составители: Ахметжанова Н. В. - кандидат искусствоведения, профессор [и др.]
203 ## - ВИД СОДЕРЖАНИЯ И ТИП СРЕДСТВА
Вид содержания Текст
Дополнительные сведения об издании визуальный
Тип средства непосредственный
210 ## - ПУБЛИКАЦИЯ, РАСПРОСТРАНЕНИЕ И ДР.
Место издания, распространения и т.д. Уфа
Имя издателя, распространителя и т. д. Уфимский государственный институт искусств имени Загира Исмагилова
Дата издания, распространения и т.д. 2025
215 ## - ФИЗИЧЕСКАЯ ХАРАКТЕРИСТИКА
Специфическое обозначение материала и объем 99 с.
Другие сведения о физической характеристике ил., портр., факс.
Размеры 22
300 ## - ОБЩИЕ ПРИМЕЧАНИЯ
Текст примечания Часть текста парал. на рус. и англ. яз.
320 ## - ПРИМЕЧАНИЯ О НАЛИЧИИ В ДОКУМЕНТЕ БИБЛИОГРАФИИ / УКАЗАТЕЛЯ
Текст примечания Библиогр. в конце ст.
606 1# - НАИМЕНОВАНИЕ ТЕМЫ КАК ПРЕДМЕТ
Наименование темы Вторая мировая война
Формальный подзаголовок Съезды, совещания и т.п
Тематический подзаголовок в музыке
Хронологический подзаголовок 1939 - 1945
Системный номер авторитетной/нормативной записи 2686102
Идентификатор авторитетной/нормативной записи RU\NLR\AUTH\6601762706
686 1# - ИНДЕКСЫ ДРУГИХ КЛАССИФИКАЦИЙ
Индекс Щ313(0)6-3я431
702 #1 - ИМЯ ЛИЦА - ВТОРИЧНАЯ ОТВЕТСТВЕННОСТЬ
Код отношения Составитель
Графика поля Кириллица
Материалы, к которым относится поле rus
Начальный элемент ввода Ахметжанова
Часть имени, кроме начального элемента ввода Н. В.
Даты 1946-
Расширение инициалов личного имени Нелли Васильевна
Системный номер авторитетной/нормативной записи 248629
Идентификатор авторитетной/нормативной записи RU\NLR\AUTH\770248685
711 12 - НАИМЕНОВАНИЕ ОРГАНИЗАЦИИ - АЛЬТЕРНАТИВНАЯ ОТВЕТСТВЕННОСТЬ
Начальный элемент ввода "Никто не забыт, ничто не забыто! Вторая мировая война и её отражение в музыке: к 80-летию со Дня Победы", международная научно-практическая очно-заочная конференция
Место проведения временной организации Уфа
Дата проведения временной организации 2025
Системный номер авторитетной/нормативной записи 2702948
Идентификатор авторитетной/нормативной записи RU\NLR\AUTH\880640751
712 01 - НАИМЕНОВАНИЕ ОРГАНИЗАЦИИ - ВТОРИЧНАЯ ОТВЕТСТВЕННОСТЬ
Код отношения Прочие
Начальный элемент ввода Российская Федерация
Структурное подразделение Министерство культуры
Системный номер авторитетной/нормативной записи 509042
Идентификатор авторитетной/нормативной записи RU\NLR\AUTH\8810005812
942 ## - ДОПОЛНИТЕЛЬНЫЕ ЭЛЕМЕНТЫ ЗАПИСИ (АБИС)
Тип экземпляра АБИС Книга
980 ## - КОЛЛЕКЦИЯ
Название коллекции Национальная библиография

Нет доступных экземпляров.